000 00902nam a2200217Ia 4500
999 _c37569
_d37569
001 3538
003 GE_BSU
005 20190528185310.0
008 181216s1972|||| |||||||||||||| ||geo||
040 _cGE_BSU
041 _ageo
080 _a544(075.8) კ-67
100 _aკოკოჩაშვილი, ვ.
_91760
245 _aფიზიკური ქიმია : წიგნი მეორე : სახელმძღვ. /
_cვ. კოკოჩაშვილი ; კ. ჯაფარიძის რედ.- ით.
250 _aმეორე გადამუშ. გამოცემა.
264 _aთბილისი :
_bუნ-ტის გამ-ბა,
_c1972.
300 _a424 გვ .:
_c22 სმ.
653 _aფიზიკური ქიმია
700 _aჯაფარიძე, კ
_eრედაქდციით
_91765
942 _cBK
_2udc